Quizzes
Events
Quiz Creation
Community
Videos
Private Events
Remove Ads
Sign In
Join for FREE
Feedback
Dark Mode
Quiz Categories
Sports
Geography
Music
Movies
Television
Just For Fun
Miscellaneous
History
Literature
Language
Science
Gaming
Entertainment
Religion
Holiday
For Kids
Quiz Lab
Recent
Popular Today
Quiz Kudos Today
Editor Picks
Curator Picks
Quizzes by...
Day
Popularity
Type
Ratings
Length
Year
Community
Subscriptions
Recent Discussions
Orange Saloon
Badges
Playlists
Quests
Create
Leaderboards
Showdown
Live 5
Trivia Bingo
Activity
Puzzle Library
Sporcle Events
Private Events
Virtual Trivia
Globe League
Become a Host
Pub Owners
SporcleCon
Opinionation
Our Games
Videos
Blog
Mobile Apps
Partnerships
Remove Ads and Go Orange
Feedback
Music
Pop Music
The Beatles
Song
Album
Lyrics
Bands
Singers
Artist
Clip
Rock
Rap
Classical
Billboard
Country Music
Kpop
Taylor Swift
Music
Pop Music
The Beatles
Song
Album
Lyrics
Bands
Singers
Artist
Clip
Rock
Rap
Classical
Billboard
Country Music
Kpop
Taylor Swift
Random Quiz
Search Sporcle
×
Quiz Lab
Quiz Lab
Music
Song
Type in answers that appear in a list
Type in answers that appear in a list
Classic
Best Score? Go Orange.
Rilo Kiley songs Stats
Can you name the Rilo Kiley songs?
By
hauntedorgan
12m
57 Questions
284 Plays
284 Plays
284 Plays
Comments
Comments
Give Quiz Kudos
Give Quiz Kudos
-
- Ratings
hide this ad
Replay
Link that replays current quiz
Next Quiz
Link to next quiz in quiz playlist
You Got
0%
They Got
Avg Score
65%
Avg Friend Score
Upgrade to see
Score Distribution
Jump to the score distribution portion of the page
Score
0/57
Timer
12:00
0
Plays Today
% Correct
The Execution of All Things
94%
Silver Lining
90.8%
Portions for Foxes
90.5%
More Adventurous
89.8%
Under the Blacklight
88%
15
84.5%
Does He Love You?
84.2%
Frug
82.4%
Science vs. Romance
82%
It's a Hit
81%
The Good That Won't Come Out
80.6%
Dejalo
78.9%
A Better Son|Daughter
78.5%
Ripchord
78.2%
The Moneymaker
78.2%
Paint's Peeling
76.8%
Breakin' Up
76.4%
Plane Crash in C
72.5%
With Arms Outstretched
71.1%
Spectacular Views
71.1%
Go Ahead
70.4%
I Never
70.1%
Love and War (11/11/46)
70.1%
Wires and Waves
69.4%
Close Call
69.4%
Smoke Detector
69.4%
Dreamworld
68.7%
The Angels Hung Around
68%
Always
66.2%
% Correct
Always
66.2%
Accidntel Deth
65.8%
Give a Little Love
65.8%
It Just Is
65.5%
Pictures of Success
64.8%
August
64.1%
The Absence of God
63.4%
Hail to Whatever You Found in the Sunlight That Surrounds You
62.3%
Papillon
57.4%
My Slumbering Heart
56.7%
So Long
55.6%
Three Hopeful Thoughts
54.6%
Sword
53.9%
Spectacular Views (Salute My Shorts!)
53.5%
****
53.2%
Capturing Moods
52.5%
A Man|Me|Then Jim
50.4%
85
50%
Bulletproof
50%
Variations on a Theme (Science vs. Romance)
47.5%
Variations on a Theme (Plane Crash in C)
47.5%
Don't Deconstruct
45.8%
And That's How I Choose To Remember It
45.8%
We'll Never Sleep (God Knows We'll Try)
44.7%
Rest of My Life
40.1%
Gravity
39.1%
Troubadours
38%
Small Figures in a Vast Expanse
35.6%
Quiz Playlist
Details
Report
Send in Message
Add To Playlist
Classic:
Type in answers that appear in a list
Last Updated: Feb 16, 2017
Quiz Scoreboard
CHALLENGE
Sign Up to Join the Scoreboard
Show All
Scores
Hide
Comments
May contain spoilers
Recently Published
Popular People in 1961
by mucciniale
History
6m
1-10 Letter E Words III
by El_Dandy
Language
2m
One Thing in Common: World Cities II
by knightlancer
Geography
7m
More to Explore
Quiz From the Vault
Featured Blog Post
Where Did the Easter Bunny Come From?
hide this ad
You Might Also Like...
Tags
Song Quiz
Rilo Kiley
Today's Top Quizzes in Music
Browse Music
hide this ad
Today's Top Quizzes in Song
Browse Song
Top Contributed Quizzes in Music
1
Taylor Swift All Songs (2024)
2
2010s Album by Cover III
3
One Thing in Common: Music
4
Taylor Swift Logic Puzzle
5
Guess the Artist- 70s Songs
6
2010s Album by Cover IV
7
Guess the Taylor Swift song (Mystery Song)
8
2010s Album by Cover V
9
Lana Del Rey Discography (BTD to DYKTTATUOB)
10
2010s Album by Cover VI
Explore More
Trending Topics
Harry Potter
NBA
Marvel
Kpop
Disney
Crossword
Anime
Song
The Office
Puzzle
Soccer
NFL
Pokémon
WWE
Country
hide this ad
More By:
hauntedorgan
Quiz
Plays
Rating
Category
Featured
Created
Rilo Kiley songs
284
5.00
Music
Oct 19, 2010
The Elected songs
11
Music
Oct 19, 2010
Go to Creator's Profile
Score Distribution
Quiz Creator Spotlight
hauntedorgan
Follow
Send a Message
Quizzes Created
-
Created Quiz Play Count
-
More By This Creator
Popular Quizzes Today
1
Find the US States - No Outlines Minefield
2
Find the Countries of Europe - No Outlines Minefield
3
The Countries of the World
4
Popular People in 1961
5
1-10 Letter E Words III
6
Find the US States
7
US States
8
One Thing in Common: World Cities II
More Music Quizzes
One Direction 10 to 1 Take Me Home
Quiz Lab
Trending Quizzes
Risky Map Clicking: Least Populous States A-Z
1-10 Letter F Words
1-10 Letter G Words
One Thing in Common: United Kingdom
Risky Map Clicking: Next State Alphabetically
Recently Updated
Leaping Animals
pecheneg
Reality TV Shows (A-Z)
bhenderson79
Rickey Henderson's Hall of Fame Teammates
pecheneg
Champions League XIs: Arsenal
pecheneg
Quick Pick: Celebrities in WWE's Hall of Fame
aduchscher
A-Z Keypad Blitz II
pecheneg
Multiple Oscar Actors
pecheneg
Mystery Phrase Blitz: Oscar 'Best Actors'
pecheneg
F. Scott Fitzgerald Novels
LTH
Pick 3 Villains
ddd62291
Trending Topics
Harry Potter
Marvel
Disney
Kpop
Anime
Crossword
NBA
Soccer
Pokémon
Puzzle
The Office
Song
NFL
WWE
Country
Your Account Isn't Verified!
In order to create a playlist on Sporcle, you need to verify the email address you used during registration. Go to your
Sporcle Settings
to finish the process.
Report this User
Report this user for behavior that violates our
Community Guidelines
.
Details:
Send Report
Go to the Sporcle.com Mobile Site →
Comments